[Event "Staufer op 22nd"]
[Site "Schwaebisch Gmuend"]
[Date "2010.01.02"]
[Round "2"]
[White "Schindler, Dirk Steffen"]
[Black "Rojas Keim, Luis Alberto"]
[Result "0-1"]
[WhiteElo "2048"]
[BlackElo "2439"]
[PlyCount "80"]
[EventDate "2010.01.02"]
[EventType "swiss"]
[EventRounds "9"]
[EventCountry "GER"]
[SourceTitle "CBM 134 Extra"]
[Source "ChessBase"]
[SourceDate "2010.03.03"]
[SourceVersion "1"]
[SourceVersionDate "2010.03.03"]
[SourceQuality "1"]

1. e4 e6 2. d4 d5 3. e5 c5 4. c3 Nc6 5. Nf3 Qb6 6. a3 Nh6 7. b4 cxd4 8. cxd4 Nf5 9. Be3 Bd7 10. Nc3 Nxb4 11. Na4 Bxa4 12. Qxa4+ Nc6 13. Bb5 a6 14. Rb1 Nxe3 15. fxe3 Be7 16. 0-0 0-0 17. Bd3 Qa7 18. h4 Rac8 19. Rbc1 f5 20. exf6 Bxf6 21. Ng5 Bxg5 22. hxg5 e5 23. Bf5 Rce8 24. Qc2 exd4 25. Bxh7+ Kh8 26. Bg6 dxe3 27. Qe2 Kg8 28. Kh1 Re5 29. Rxf8+ Kxf8 30. Qf3+ Ke7 31. Qf7+ Kd6 32. Qf8+ Re7 33. Qf4+ Ne5 34. Bf5 Qb6 35. Bh3 Rf7 36. Qa4 e2 37. g3 Qb2 38. Rg1 Qc3 39. Qe8 Qf3+ 40. Bg2 Qh5+ 0-1